000 00338nam a2200145Ia 4500
008 150201s2014 xx 000 0 und d
082 _a610.732
_bP14N
100 _aNANCY, SISTER
245 _aPRINCIPLES & PRACTICE OF NURSING -
250 _a4TH
260 _bNR PUB.
_c2014
300 _a648
650 _aNURSING
942 _2ddc
_cBK
_01
999 _c2448
_d2448